AH International Schools' Libraries

I'm a frog! / (Record no. 47625)

MARC details
000 -LEADER
fixed length control field 00345nam a2200133 4500
020 ## - INTERNATIONAL STANDARD BOOK NUMBER
International Standard Book Number 9781423183051
100 ## - MAIN ENTRY--PERSONAL NAME
Personal name Willems, Mo
245 ## - TITLE STATEMENT
Title I'm a frog! /
Statement of responsibility, etc Mo Willems
260 ## - PUBLICATION, DISTRIBUTION, ETC. (IMPRINT)
Place of publication, distribution, etc New York
Name of publisher, distributor, etc Hyperion Books
Date of publication, distribution, etc 2013
300 ## - PHYSICAL DESCRIPTION
Extent 57 p.
Other physical details col. ill.
Dimensions 23 cm.
490 ## - SERIES STATEMENT
Series statement An Elephant & Piggie Book
650 ## - SUBJECT ADDED ENTRY--TOPICAL TERM
Topical term or geographic name as entry element Story Book
9 (RLIN) 68345
942 ## - ADDED ENTRY ELEMENTS (KOHA)
Source of classification or shelving scheme
Koha item type Book
Holdings
Withdrawn status Lost status Source of classification or shelving scheme Damaged status Not for loan Home library Current library Date acquired Total Checkouts Full call number Barcode Date last seen Date checked out Price effective from Koha item type
          Asian Hope Early Years Library Asian Hope Early Years Library 10/18/2024 21 E WIL 206851 04/29/2026 04/22/2026 10/18/2024 Book

For any Logos Library related questions please contact Miss Art at swongnarasuk@asianhope.org.

For any Asian Hope Library related questions please contact Miss Raza at graza@asianhope.org.

Powered by Koha